000 00446nam a22001817a 4500
003 OSt
008 240330b |||||||| |||| 00| 0 eng d
020 _a9789383992201
082 _a005.14 ANS
100 _aANAND,Rishabh
245 _aSoftware Testing and Quality Assurance
250 _a1st Ed
260 _aNew Delhi
_bBhavya Books
_c2017
300 _a324
700 _aSHEIKH,Tariq Hussain
700 _aGUPTA,Deepak
942 _2ddc
_cREF
999 _c12349
_d12349